<The> trade impact of European union preferential policies <an> analysis through gravity models

Gespeichert in:
Bibliographische Detailangaben
Weitere Verfasser: de Benedictis, Luca, Salvatici, Luca
Format: Buch
Sprache:Englisch
Veröffentlicht: Berlin Springer 2011
Schriftenreihe:Business/Economics
Schlagworte:
Tags: Tag hinzufügen
Keine Tags, Fügen Sie das erste Tag hinzu!

MARC

LEADER 00000nam a2200000 4500
001 0162149
005 20240109073452.2
020 |a 978-3-642-16563-4 
041 0 |a eng 
044 |a DE 
245 1 0 |a <The> trade impact of European union preferential policies  |b <an> analysis through gravity models  |c editors Luca de Benedictis, Luca Salvatici 
264 1 |a Berlin  |b Springer  |c 2011 
300 |a xxi, 229 s. 
490 1 |a Business/Economics 
830 0 |a Business/Economics 
610 2 0 |a politika zahraničnoobchodná 
610 2 0 |a obchod medzinárodný 
610 2 0 |a obchod zahraničný 
610 2 0 |a Európska únia 
610 2 0 |a obchod svetový 
610 2 0 |a modelovanie 
610 2 0 |a modely 
700 1 |a de Benedictis, Luca 
700 1 |a Salvatici, Luca